000 00537nmm a2200169Ia 4500
008 251105s9999||||xx |||||||||||||||||und||
020 _a9788484897309
041 _aspa
100 _aOrtiz Canseco, Marta (ed.)
245 0 _aPoesía peruana 1921-1931 :
_b Vanguardia + indigenismo + tradición
264 _a[Madrid, España] :
_bIberoamericana Vervuert,
_c2013
300 _a272 páginas
490 _a--Sin Colección
650 _aLatin American poetry
856 _uhttps://public.digitaliapublishing.com/a/56932
942 _cCF
999 _c86775
_d86775